| 000 | 01078 a2200217 4500 | ||
|---|---|---|---|
| 001 | 54609 | ||
| 005 | 20260407155820.0 | ||
| 008 | 260407a1981 arg spa d | ||
| 003 | AR-UNSa-BCEJYS | ||
| 040 |
_aAR-UNSa-BCEJYS _bspa _cAR-UNSa-BCEJYS |
||
| 080 |
_a316.334.3 _xSociología de subsistemas e instituciones políticas. Sociología política |
||
| 245 | 1 | 0 | _aMarx y el problema de la decadencia ideológica |
| 020 | _a968-23-1091-1 | ||
| 264 | 1 |
_aMéxico : _bSiglo Veintiuno editores _c1981 |
|
| 300 |
_a193 p. _c21 cm. |
||
| 505 | _a1. Georg Lukacs en los treinta: Punto focal de la estética marxista,por Juan Flores - 2. Marx y el problema de la decadencia ideológica - 3. Thomas Mann - 4. Prefacio para la discusión sobre naturalismo y formalismo - 5. ¿Narrar o describir? - 6. La fisonomía intelectual de los personajes literarios - 7. Apéndice: Referencias críticas de Bertolt Brecht al concepto lukacsiano de "decadencia ideológica" | ||
| 942 | _cBK | ||
| 590 | _aniveau_biblio:m niveau_hierar:0 | ||
| 100 | 1 | _aLukács, Georg | |
| 700 | 1 | _aBlanco, Felix | |
| 999 |
_c5683 _d5683 |
||